Responses for Show #5107 - Tuesday, November 21, 2006

2006 Celebrity Jeopardy! game 10.
From Radio City Music Hall in New York City.

Contestants

[<< previous game]

Hill Harper, an actor from CSI: NY

Hon. Margaret Spellings, a U.S. Secretary of Education from Washington, D.C.

Michael McKean, an actor, writer, and director from This is Spinal Tap, A Mighty Wind, and The Pajama Game

[next game >>]

Jeopardy! Round responses

THE LATE 20th CENTURY
THAT '70s SHOW
STONEHENGE
GENEROUS FOOD PORTIONS
WHAT ARE YOU DOING LATER?
KING OF THE "HILL"
    $200 6
(Michael: Who is Prince William?)

Prince Henry (or Harry)

MichaelHill
    $200 1
M*A*S*H

Michael
    $200 11
England

Michael
    $200 13
an omelette

Hill
    $200 18
knock-knock

Michael
    $200 22
a Phillips-head

Michael
    $400 7
AIDS

Michael
    $400 2
The Gong Show

Hill
    $400 12
(Margaret: What is a tower?)

a circle

MichaelMargaret
    $400 14
chocolates

Michael
    $400 23
Boot Hill

Michael
    $600 8
Nelson Mandela

Michael
    $600 3
Happy Days

Michael
    $600 19
Merlin

Michael
    $600 15
a gingerbread man

Michael
    $600 24
wind chill

Margaret
    $800 9
Kuwait

Michael
    $800 4
The Rockford Files

Michael
    $800 20
the sun & the Moon

Michael
    $800 16
a banana

Margaret
    $800 25
a hill of beans

Michael
    $1000 10
Elian Gonzalez

Michael
    $1000 5
(Hill: I knew that one and my buzzer didn't work.)
(Alex: His buzzer's faster.)

The Jeffersons

Michael
    $1000 21
the Druids

Michael
    $1000 17
haggis

Margaret
    $2,800 26
(Alex: And you are definitely on a roll. $10,800. All of it?)
(Michael: [Laughs] No, sir.)
[The end-of-round signal sounds.]

Achilles

Michael

Scores at the first commercial break (after clue 12):

Michael Margaret Hill
$5,800 -$400 $600

Scores at the end of the Jeopardy! Round:

Michael Margaret Hill
$13,600 $2,000 $800

Double Jeopardy! Round responses

GET AN EDUCATION!
LANGUAGE SKILLS
MOVIE QUOTES
(Alex: You have to identify the film, players.)
HARPS & HARPERS
STOCK SYMBOLS
PHYSICS, BRAIN SURGERY & ROCKET SCIENCE
    $400 1
the Amazon

Margaret
    $400 9
good luck

Michael
    $400 4
Gladiator

Michael
    $400 16
the Marx Brothers

Hill
    $400 21
Verizon

Hill
    $400 26
relativity

Hill
    $800 2
H2O

Hill
    $800 10
por favor

Margaret
    $800 5
(Alex: And that is [*]. You missed some of the classics, obviously.)

Pirates of the Caribbean

Triple Stumper
    $800 17
(Michael: What is 147?)
(Margaret: What is 747, 7 thousand, [*]?)
(Alex: [*] is right, yes. We're not talking about planes up there, now. That's not a 747.)

47

MichaelMargaret
    $800 22
Heinz

Hill
    $800 27
the Shuttle

Michael
    $1200 3
life, liberty & the pursuit of happiness

Michael
    $2,000 11
(Alex: You're in third place. You can move into second place.)
(Margaret: I'll make it a True Daily Double.)

san

Margaret
    $1200 6
(Margaret: Who is Humphrey Bogart?)
(Alex: No.)
(Margaret: I mean, what is...)

Casablanca

MargaretHill
    $1200 18
Ireland

Michael
    $1200 23
Exxon Mobil

Margaret
    $1200 28
nuclear

Michael
    $1600 12
amat

Michael
    $1600 14
vodka

Margaret
    $1600 7
The Silence of the Lambs

Michael
    $1600 19
air (or wind)

Michael
    $2,000 24
(Alex: With about a minute left in the round.)

Time Warner

Margaret
    $1600 29
[The end-of-round signal sounds.]

lobe

Michael
    $2000 13
monotheism

Michael
    $2000 15
Manila

Michael
    $2000 8
2001: A Space Odyssey

Michael
    $2000 20
King David

Triple Stumper
    $2000 25
McDonald's

Hill

Scores at the end of the Double Jeopardy! Round:

Michael Margaret Hill
$30,400 $9,600 $6,800
(lock game)

[wagering suggestions for these scores]

Final Jeopardy! Round responses

FROM BOOK TO FILM
(Trent Johnson: Players, you have 30 seconds. Good luck.)
[Tonight's think music was played by Trent Johnson on Radio City Music Hall's "Mighty Wurlitzer".]
(Alex: Our thanks to Trent Johnson at the Mighty Wurlitzer organ here at Radio City Music Hall.)
HillWhat Is To Kill A Mockingbird
$0
MargaretWhat Is To Kill A Mockingbird?
$1,500
MichaelWhat is To Kill A Mockingbird?
$8,400
To Kill a Mockingbird

Final scores:

Michael Margaret Hill
$38,800 $11,100 $6,800
Winner: $50,000 to the National Multiple Sclerosis Society and the International Myeloma Foundation 2nd place: $25,000 to ProLiteracy Worldwide 3rd place: $25,000 to MANifest Your Destiny Foundation

Game dynamics:

Coryat scores:

Michael Margaret Hill
$28,600 $8,400 $6,800
33 R
(including 1 DD),
2 W
10 R
(including 2 DDs),
2 W
10 R,
0 W

Combined Coryat: $43,800

[game clues] [game scores] [suggest correction]

Game tape date: 2006-10-08
The J! Archive is created by fans, for fans. Scraping, republication, monetization, and malicious use prohibited; this site may use cookies and collect identifying information. See terms. The Jeopardy! game show and all elements thereof, including but not limited to copyright and trademark thereto, are the property of Jeopardy Productions, Inc. and are protected under law. This website is not affiliated with, sponsored by, or operated by Jeopardy Productions, Inc. Join the discussion at JBoard.tv.